Zeitschrift für Soziologie
| Corporate Author: | |
|---|---|
| Format: | Electronic Journal |
| Language: | German English |
| Published: |
Stuttgart :
F. Enke Verlag
Berlin, Germany : De Gruyter |
| Subjects: | |
| Online Access: | Full text available from Research Library: 02/01/2003 to 10/31/2007 |
MARC
| LEADER | 00000nas a2200000 i 4500 | ||
|---|---|---|---|
| 001 | ssj0025349 | ||
| 003 | WaSeSS | ||
| 005 | 20200512172242.0 | ||
| 006 | m d | ||
| 007 | cr n | ||
| 008 | 100510c19729999gw br pss 0 b0ger c | ||
| 010 | |a 2017208105 | ||
| 016 | 7 | |a 012429612 |2 Uk | |
| 022 | |a 2366-0325 |l 0340-1804 |y 0340-1804 | ||
| 035 | |a (WaSeSS)ssj0025349 | ||
| 037 | |a 22573/ctt3hqjr4 |b JSTOR | ||
| 040 | |a OCLCE |b eng |c OCLCE |d OCLCQ |d OCLCF |d OCLCO |d JSTOR |d OCLCQ |d DLC |d OCLCS |d TXJ |d HUA |d MUQ |d UQ1 |d TXA |d DLC |d OCLCQ |d FIE |d AU@ |d LVT |d UKMGB |d UAB |d Z5A |d I8H |d AUD |d OCLCQ |d VT2 |d ZAC |d DLC |d U3W |d OCLCQ |d WYU |d OCLCQ |d WaSeSS | ||
| 041 | 0 | |a eng |a ger | |
| 042 | |a dlr |a pcc | ||
| 050 | 0 | 0 | |a HM407 |
| 082 | 0 | 4 | |a 301/.05 |2 19 |
| 245 | 0 | 0 | |a Zeitschrift für Soziologie |h [electronic resource]. |
| 260 | |a Stuttgart : |b F. Enke Verlag | ||
| 260 | |3 <2016> : |a Berlin, Germany : |b De Gruyter | ||
| 310 | |a Bimonthly, |b 1985- | ||
| 321 | |a Four no. a year | ||
| 362 | 1 | |a Began with: Jahrg. 1 (Jan. 1972). | |
| 506 | |a License restrictions may limit access. | ||
| 538 | |a Master and use copy. Digital master created according to Benchmark for Faithful Digital Reproductions of Monographs and Serials, Version 1. Digital Library Federation, December 2002. |u http://purl.oclc.org/DLF/benchrepro0212 |5 MiAaHDL | ||
| 546 | |a Chiefly German, some English. | ||
| 550 | |a Issued by: Universität Bielefeld, Fakultät für Soziologie. | ||
| 583 | 1 | |a digitized |c 2010 |h HathiTrust Digital Library |l committed to preserve |2 pda |5 MiAaHDL | |
| 588 | |a Description based on print version record. | ||
| 588 | |a Latest issue consulted: Volume 45, Issue 6 (Dec. 2016) (De Gruyter website, viewed February 3, 2017). | ||
| 650 | 0 | |a Sociology |v Periodicals. | |
| 650 | 6 | |a Sociologie |v Periodiques. | |
| 650 | 7 | |a Sociology. |2 fast |0 (OCoLC)fst01123875 | |
| 650 | 1 | 7 | |a Sociologie. |2 gtt |
| 650 | 1 | 7 | |a Sociologie. |2 rasuqam |
| 655 | 0 | |a Electronic journals. | |
| 710 | 2 | |a Universität Bielefeld. |b Fakultät für Soziologie. | |
| 776 | 1 | |c Original |w (DLC) 72626381 |w (OCoLC)2269886 | |
| 850 | |a DLC | ||
| 856 | 4 | 0 | |z Full text available from Research Library: 02/01/2003 to 10/31/2007 |u https://search.proquest.com/publication/37067 |